[Event "Palle Skov Memorial - GM 2025"]
[Site "Hillerod"]
[Date "2025.02.10"]
[Round "4.5"]
[White "Hector, Jonny"]
[Black "Haubro, Martin"]
[Result "1/2-1/2"]
[WhiteElo "2445"]
[BlackElo "2381"]
[WhiteFideId "1700090"]
[BlackFideId "1414291"]
[EventDate "2025.02.08"]
[EventType "tourn"]
[EventRounds "9"]
[EventCountry "DEN"]
[SourceTitle "Live v. Kasper Jerwiarz"]

1. e4 c5 2. Nf3 d6 3. d4 cxd4 4. Nxd4 Nf6 5. Nc3 a6 6. Bg5 e6 7. f4 Qb6 8. Bxf6 gxf6 9. Qd2 Qxb2 10. Nb3 Nd7 11. Be2 h5 12. O-O Qa3 13. Nb1 Qa4 14. c4 Nc5 15. Nxc5 dxc5 16. Nc3 Qd7 17. Qb2 Be7 18. e5 fxe5 19. Rad1 Qc7 20. Na4 Bd8 21. Rxd8+ Qxd8 22. Nb6 Rb8 23. Rd1 Qc7 24. fxe5 Ke7 25. Nd5+ exd5 26. cxd5 Qd8 27. d6+ Kd7 28. Bb5+ axb5 29. Qxb5+ Ke6 30. Qc4+ Kd7 31. Qb5+ Ke6 32. Qb3+ Kd7 33. e6+ Ke8 34. d7+ Bxd7 35. exd7+ Kf8 36. Qc3 Rh6 37. Qxc5+ Kg8 38. Kh1 b5 39. Qe5 Ra8 40. Qd5 Rb8 41. Qe5 Ra8 42. h3 Re6 43. Qc5 h4 44. Rd4 Rg6 45. Qe5 Rg5 46. Qe4 Kg7 47. Rd2 Rb8 48. Qd4+ Kg8 49. Qa7 Kg7 50. Qxb8 Qxb8 51. d8=Q Qxd8 52. Rxd8 Rc5 53. Rd4 Rc4 54. Rd5 b4 55. Rb5 Kg6 56. Kg1 f5 57. Kf2 Kg5 58. Kf3 Rc3+ 59. Kf2 Rc2+ 60. Kf3 Rb2 61. Rb6 Kh5 62. Ra6 Kg5 63. Rb6 Rb1 64. Ra6 Rf1+ 65. Ke3 Ra1 66. Ra4 Rb1 67. Ra6 Rc1 68. Rb6 Rc4 69. Kf3 Rc3+ 70. Kf2 Rc2+ 71. Kf3 Rb2 72. Ra6 Rb1 73. Rb6 Rb2 1/2-1/2

[Event "Palle Skov Memorial - GM 2025"]
[Site "Hillerod"]
[Date "2025.02.11"]
[Round "5.1"]
[White "Sriram, Jha"]
[Black "Karacsonyi, Gellert"]
[Result "0-1"]
[WhiteElo "2322"]
[BlackElo "2368"]
[WhiteFideId "5001668"]
[BlackFideId "764620"]
[EventDate "2025.02.08"]
[EventType "tourn"]
[EventRounds "9"]
[EventCountry "DEN"]
[SourceTitle "Live v. Kasper Jerwiarz"]

1. d4 Nf6 2. c4 e6 3. Nf3 d5 4. g3 Be7 5. Bg2 O-O 6. O-O a5 7. Nc3 c6 8. b3 b6 9. Bb2 Ba6 10. Nd2 b5 11. c5 b4 12. Na4 Nbd7 13. Re1 Bb5 14. Qc2 Qc7 15. Rad1 Rad8 16. f4 g6 17. Ba1 Bxa4 18. bxa4 Rfe8 19. Bb2 Bf8 20. e3 Bg7 21. Nb3 Ra8 22. Bf3 Kh8 23. g4 Ng8 24. g5 Ne7 25. Nc1 Nf5 26. Nd3 h6 27. gxh6 Bxh6 28. Ne5 Nxe5 29. dxe5 Rg8 30. Bg4 Qe7 31. Kh1 Kh7 32. Bxf5 gxf5 33. Rg1 Qh4 34. Bd4 Qh5 35. Qf2 Rg6 36. Rdf1 Rag8 37. Rxg6 fxg6 38. Qf3 Qxf3+ 39. Rxf3 g5 40. fxg5 Rxg5 41. Rg3 Rh5 42. Kg2 Rh4 43. Rh3 Re4 44. Kf3 f4 45. Rh4 Kg6 46. Rg4+ Kh5 47. h3 fxe3 48. Rxe4 dxe4+ 0-1

[Event "Palle Skov Memorial - GM 2025"]
[Site "Hillerod"]
[Date "2025.02.11"]
[Round "5.2"]
[White "Kaasen, Tor Fredrik"]
[Black "Seo, Jung Min"]
[Result "1-0"]
[WhiteElo "2472"]
[BlackElo "2495"]
[WhiteFideId "1516647"]
[BlackFideId "1734687"]
[EventDate "2025.02.08"]
[EventType "tourn"]
[EventRounds "9"]
[EventCountry "DEN"]
[SourceTitle "Live v. Kasper Jerwiarz"]

1. e4 e5 2. Nf3 Nc6 3. Bc4 Nf6 4. d3 Be7 5. O-O O-O 6. Re1 d6 7. a4 Be6 8. Bxe6 fxe6 9. a5 a6 10. Nbd2 Nd7 11. Nf1 d5 12. Ng3 Bb4 13. Rf1 Bxa5 14. Ng5 Qe7 15. Qg4 Rae8 16. Qxe6+ 1-0

[Event "Palle Skov Memorial - GM 2025"]
[Site "Hillerod"]
[Date "2025.02.11"]
[Round "5.3"]
[White "Olsen, Filip Boe"]
[Black "Hector, Jonny"]
[Result "1-0"]
[WhiteElo "2472"]
[BlackElo "2445"]
[WhiteFideId "1440640"]
[BlackFideId "1700090"]
[EventDate "2025.02.08"]
[EventType "tourn"]
[EventRounds "9"]
[EventCountry "DEN"]
[SourceTitle "Live v. Kasper Jerwiarz"]

1. Nf3 d5 2. g3 Nc6 3. d4 Bf5 4. Bg2 Nb4 5. Na3 e6 6. O-O h5 7. c3 Nc6 8. Qb3 Bxa3 9. Qxa3 Be4 10. Re1 Nge7 11. Qb3 b6 12. Bf1 Bg6 13. h4 Qd7 14. Nd2 e5 15. dxe5 Nxe5 16. Bg2 Rd8 17. Nf3 Ng4 18. Bf4 O-O 19. Rad1 c5 20. e4 Qc6 21. exd5 Nxd5 22. Ne5 Nxe5 23. Rxe5 c4 24. Qa3 Bd3 25. Rxd3 cxd3 26. Qb3 Rfe8 27. Bxd5 Qf6 28. Rxe8+ Rxe8 29. Qd1 Qf5 30. Bc4 Rd8 31. Bg5 Rd6 32. Bf4 Rd8 33. Qd2 b5 34. Bg5 Rd7 35. Bb3 Kh7 36. Bd1 Qd5 37. Bb3 Qf5 38. Be3 Qe4 39. Bd1 g6 40. Kh2 f6 41. Bd4 Kg7 42. Qe3 Re7 43. Bf3 Qxe3 44. Bxe3 f5 45. Kg2 f4 46. gxf4 Kf6 47. Kf1 Kf5 48. Ke1 a6 49. Kd2 Rd7 50. b3 Rc7 51. Kxd3 Rd7+ 52. Kc2 Rc7 53. Be2 1-0

[Event "Palle Skov Memorial - GM 2025"]
[Site "Hillerod"]
[Date "2025.02.11"]
[Round "5.4"]
[White "Song, Yuxin"]
[Black "Kistrup, Nicolai"]
[Result "1/2-1/2"]
[WhiteElo "2381"]
[BlackElo "2374"]
[WhiteFideId "8614300"]
[BlackFideId "1444816"]
[EventDate "2025.02.08"]
[EventType "tourn"]
[EventRounds "9"]
[EventCountry "DEN"]
[SourceTitle "Live v. Kasper Jerwiarz"]

1. e4 e5 2. Nf3 Nc6 3. Bb5 a6 4. Ba4 Nf6 5. O-O b5 6. Bb3 Bc5 7. a4 Rb8 8. c3 d6 9. d4 Bb6 10. a5 Ba7 11. h3 Bb7 12. Be3 Nxe4 13. Re1 Ne7 14. Nbd2 Nxd2 15. Bxd2 O-O 16. dxe5 dxe5 17. Nxe5 Ng6 18. Be3 Nxe5 19. Qxd8 Rbxd8 20. Bxa7 Nd3 21. Re7 Bd5 22. Bxd5 Rxd5 23. Rxc7 Nxb2 24. Bb6 Nc4 25. Ra7 Re8 26. Rxa6 Rd6 27. Kh2 h5 28. Rb1 Nd2 29. Rc1 Nc4 30. Rb1 Nd2 31. Rc1 Nc4 32. Rb1 1/2-1/2

[Event "Palle Skov Memorial - GM 2025"]
[Site "Hillerod"]
[Date "2025.02.11"]
[Round "5.5"]
[White "Haubro, Martin"]
[Black "Gumularz, Szymon"]
[Result "1/2-1/2"]
[WhiteElo "2381"]
[BlackElo "2592"]
[WhiteFideId "1414291"]
[BlackFideId "1188062"]
[EventDate "2025.02.08"]
[EventType "tourn"]
[EventRounds "9"]
[EventCountry "DEN"]
[SourceTitle "Live v. Kasper Jerwiarz"]

1. e4 c5 2. Nf3 Nc6 3. Bb5 g6 4. Bxc6 bxc6 5. d4 Bg7 6. dxc5 Qa5+ 7. Nbd2 Qxc5 8. O-O Nf6 9. h3 d6 10. Nb3 Qb6 11. e5 dxe5 12. Nxe5 O-O 13. Re1 Bf5 14. Be3 Qc7 15. Bf4 Qb7 16. Qf3 Bxc2 17. Nd4 Qxb2 18. Nxc2 Qxc2 19. Nxc6 Kh8 20. Nxe7 Ng8 21. Be5 Bxe5 22. Rxe5 Qb2 23. Rae1 Nxe7 24. Rxe7 Qxa2 25. h4 Kg8 26. h5 Rad8 27. g3 Qd5 28. Qxd5 Rxd5 29. hxg6 hxg6 30. Rxa7 Rf5 1/2-1/2

[Event "Palle Skov Memorial - GM 2025"]
[Site "Hillerod"]
[Date "2025.02.12"]
[Round "6.1"]
[White "Karacsonyi, Gellert"]
[Black "Song, Yuxin"]
[Result "1-0"]
[WhiteElo "2368"]
[BlackElo "2381"]
[WhiteFideId "764620"]
[BlackFideId "8614300"]
[EventDate "2025.02.08"]
[EventType "tourn"]
[EventRounds "9"]
[EventCountry "DEN"]
[SourceTitle "Live v. Kasper Jerwiarz"]

1. e4 c5 2. Nf3 d6 3. d4 cxd4 4. Nxd4 Nf6 5. Nc3 a6 6. Bg5 e6 7. f4 Qb6 8. Qd2 Qxb2 9. Rb1 Qa3 10. f5 Be7 11. fxe6 Bxe6 12. Nxe6 fxe6 13. Bc4 Nbd7 14. Bxe6 Nc5 15. Bf5 g6 16. Bh3 Nfxe4 17. Nxe4 Nxe4 18. Qd4 Qc3+ 19. Qxc3 Nxc3 20. Bxe7 Kxe7 21. Rxb7+ Kf6 22. Rf1+ Kg5 23. Kd2 Ne4+ 24. Kc1 h5 25. Re1 Rhe8 26. Bd7 Re5 27. Bc6 Nf2 28. Rxe5+ dxe5 29. h4+ Kh6 30. Rf7 Rc8 31. Bb7 Rb8 32. Bxa6 Ne4 33. Re7 Nc3 34. Rxe5 Nxa2+ 35. Kd2 Rd8+ 36. Bd3 Nb4 37. Kc3 Nxd3 38. cxd3 Kg7 39. d4 Kf6 40. Rg5 Ra8 41. Kb4 Ra2 42. Kc5 Ra5+ 43. Kc6 Ra4 44. Kd5 Ra1 45. g3 Ra5+ 46. Kc6 Ra6+ 47. Kb5 Rd6 48. Kc5 Ra6 49. d5 Ke7 50. Re5+ Kd7 51. Re3 Ra4 52. Rb3 Rg4 53. d6 g5 54. Rb7+ Ke8 55. Kc6 Rxg3 56. hxg5 h4 57. g6 Rc3+ 58. Kd5 Rd3+ 59. Ke5 Re3+ 60. Kf4 Rg3 61. g7 Rg1 62. g8=Q+ Rxg8 63. Rb8+ Kf7 64. Rxg8 Kxg8 65. d7 1-0

[Event "Palle Skov Memorial - GM 2025"]
[Site "Hillerod"]
[Date "2025.02.12"]
[Round "6.2"]
[White "Seo, Jung Min"]
[Black "Sriram, Jha"]
[Result "1-0"]
[WhiteElo "2495"]
[BlackElo "2322"]
[WhiteFideId "1734687"]
[BlackFideId "5001668"]
[EventDate "2025.02.08"]
[EventType "tourn"]
[EventRounds "9"]
[EventCountry "DEN"]
[SourceTitle "Live v. Kasper Jerwiarz"]

1. e4 d6 2. d4 Nf6 3. Nc3 e5 4. Nf3 Nbd7 5. Rg1 c6 6. a4 Be7 7. g4 d5 8. exd5 exd4 9. Qxd4 Bc5 10. Qd3 Qe7+ 11. Be3 Nxd5 12. Nxd5 cxd5 13. O-O-O O-O 14. Kb1 Bxe3 15. Qxe3 Qxe3 16. fxe3 Nc5 17. b3 Be6 18. Kb2 Rfe8 19. h3 g6 20. Bg2 Rad8 21. Rge1 Ne4 22. Nd4 Bd7 23. Nb5 Bxb5 24. axb5 b6 25. Rd4 Kg7 26. Ra1 Nd6 27. Rxd5 Rxe3 28. Rxa7 Rg3 29. Bf1 Rf3 30. Bd3 Kf6 31. h4 Ke6 32. Rd4 Ke5 33. Rda4 h6 34. Re7+ Kf6 35. Rc7 Ke5 36. Rc6 Rh3 37. Rxb6 Rxh4 38. Rc6 Rh2 39. Rc5+ Ke6 40. Rd4 h5 41. gxh5 Rxh5 42. Rxh5 gxh5 43. Rh4 Rh8 44. c4 f5 45. c5 Ne4 46. Bxe4 fxe4 47. Rxe4+ Kd5 48. Rc4 Rc8 49. c6 Kd6 50. Kc3 Kc7 51. Ra4 Rh8 52. Ra7+ Kb8 53. b6 1-0

[Event "Palle Skov Memorial - GM 2025"]
[Site "Hillerod"]
[Date "2025.02.12"]
[Round "6.3"]
[White "Olsen, Filip Boe"]
[Black "Kaasen, Tor Fredrik"]
[Result "1-0"]
[WhiteElo "2472"]
[BlackElo "2472"]
[WhiteFideId "1440640"]
[BlackFideId "1516647"]
[EventDate "2025.02.08"]
[EventType "tourn"]
[EventRounds "9"]
[EventCountry "DEN"]
[SourceTitle "Live v. Kasper Jerwiarz"]

1. c4 g6 2. Nc3 Bg7 3. g3 Nf6 4. Bg2 O-O 5. d4 d6 6. h3 Nbd7 7. Nf3 e5 8. O-O Re8 9. e4 exd4 10. Nxd4 Nc5 11. Re1 h6 12. Rb1 a5 13. Bf4 a4 14. Ndb5 Nfd7 15. Be3 a3 16. b4 Na6 17. Qb3 Ne5 18. Rbd1 Be6 19. Nxa3 Qc8 20. Kh2 c6 21. Na4 Nxc4 22. Nxc4 Bxc4 23. Qxc4 b5 24. Qb3 bxa4 25. Qxa4 Qe6 26. e5 d5 27. Rc1 c5 28. Qd1 d4 29. Bxa8 Rxa8 30. Bxd4 cxd4 31. Qxd4 Qxa2 32. b5 Bf8 33. Ra1 Qc2 34. Rec1 Qe2 35. bxa6 Rxa6 36. Re1 Qb5 37. Rxa6 Qxa6 38. e6 fxe6 39. Qf6 Qd3 40. Rxe6 g5 41. Re8 1-0

[Event "Palle Skov Memorial - GM 2025"]
[Site "Hillerod"]
[Date "2025.02.12"]
[Round "6.4"]
[White "Kistrup, Nicolai"]
[Black "Haubro, Martin"]
[Result "0-1"]
[WhiteElo "2374"]
[BlackElo "2381"]
[WhiteFideId "1444816"]
[BlackFideId "1414291"]
[EventDate "2025.02.08"]
[EventType "tourn"]
[EventRounds "9"]
[EventCountry "DEN"]
[SourceTitle "Live v. Kasper Jerwiarz"]

1. Nf3 d5 2. g3 g6 3. Bg2 Bg7 4. d4 Nf6 5. c4 c6 6. O-O O-O 7. Qa4 Qb6 8. Nc3 Rd8 9. Rd1 Be6 10. Ne5 dxc4 11. Nxc4 Qa6 12. Qxa6 Nxa6 13. Na5 Rd7 14. Nxb7 Rxb7 15. Bxc6 Rab8 16. Bxb7 Rxb7 17. d5 Bh3 18. d6 h6 19. Be3 Nb4 20. Rac1 exd6 21. a3 Nc6 22. Rxd6 Ne5 23. Na4 a5 24. Ra6 Nd5 25. Ra8+ Kh7 26. Ra7 Rb8 27. Bd4 Nf3+ 28. exf3 Bxd4 29. Rxa5 Ne3 30. b4 Nf5 31. Nc5 Rd8 32. Ne4 Bb2 33. Rb1 Nd4 34. Kh1 Nb3 35. Ra7 Nc1 36. Nc3 Re8 37. Ne4 Rd8 38. Nc3 Rd2 39. Rxf7+ Kg8 40. Re7 Rxf2 41. Re1 Bxc3 42. Rexc1 Bd4 43. Rg1 Rxf3 44. Rgd1 Be3 45. Rd8+ Kf7 46. Re1 Rf2 47. Rd3 Ba7 0-1

[Event "Palle Skov Memorial - GM 2025"]
[Site "Hillerod"]
[Date "2025.02.12"]
[Round "6.5"]
[White "Hector, Jonny"]
[Black "Gumularz, Szymon"]
[Result "0-1"]
[WhiteElo "2445"]
[BlackElo "2592"]
[WhiteFideId "1700090"]
[BlackFideId "1188062"]
[EventDate "2025.02.08"]
[EventType "tourn"]
[EventRounds "9"]
[EventCountry "DEN"]
[SourceTitle "Live v. Kasper Jerwiarz"]

1. e4 c6 2. d4 d5 3. f3 g6 4. e5 c5 5. Nc3 cxd4 6. Qxd4 e6 7. Bf4 Nc6 8. Qd2 Bg7 9. Nb5 Nge7 10. Nd6+ Kf8 11. O-O-O Nxe5 12. Qb4 N7c6 13. Qa3 Kg8 14. c4 Bf8 15. cxd5 exd5 16. Rxd5 Be6 17. Rd2 Qc7 18. Nb5 Nd3+ 19. Qxd3 Qxf4 20. Ne2 Qe5 21. f4 Qc5+ 22. Nec3 a6 23. Nd4 Nb4 24. Qf3 Bd5 25. Qe3 Nxa2+ 26. Kb1 Nxc3+ 27. Qxc3 Rd8 28. Nc2 Ba2+ 29. Kc1 Rc8 30. Bd3 Qxc3 31. bxc3 Bg7 32. c4 Bc3 33. Re2 Bxc4 34. Bxc4 Rxc4 35. Re7 b5 36. f5 Kg7 37. Rd1 Bf6 38. Re2 Rhc8 39. Kb1 b4 40. fxg6 hxg6 41. Rf1 b3 42. Na1 b2 43. Nb3 Ra4 44. Rxf6 Kxf6 45. Kxb2 Rb4 46. Ka3 Rb6 47. Nd2 Rc3+ 48. Ka4 Kg7 0-1

[Event "Palle Skov Memorial - GM 2025"]
[Site "Hillerod"]
[Date "2025.02.13"]
[Round "7.1"]
[White "Haubro, Martin"]
[Black "Karacsonyi, Gellert"]
[Result "1/2-1/2"]
[WhiteElo "2381"]
[BlackElo "2368"]
[WhiteFideId "1414291"]
[BlackFideId "764620"]
[EventDate "2025.02.08"]
[EventType "tourn"]
[EventRounds "9"]
[EventCountry "DEN"]
[SourceTitle "Live v. Kasper Jerwiarz"]

1. Nf3 d5 2. g3 c5 3. Bg2 Nc6 4. d4 Nf6 5. O-O cxd4 6. Nxd4 e5 7. Nxc6 bxc6 8. c4 Be6 9. Nc3 Rc8 10. cxd5 cxd5 11. Qa4+ Qd7 12. Qxd7+ Kxd7 13. Rd1 Bc5 14. Nxd5 Nxd5 15. Bxd5 Bxd5 16. Rxd5+ Ke6 17. Rd2 Rhd8 18. Kf1 Bb6 19. Rxd8 Rxd8 20. e3 Rd1+ 21. Ke2 Rh1 22. b4 Rxh2 23. Bd2 f5 24. a4 f4 25. a5 fxg3 26. axb6 Rxf2+ 27. Kd3 axb6 28. e4 h5 29. Be3 Rg2 30. Bxb6 h4 31. Ke3 Rf2 32. Bd8 h3 33. Bh4 Ra2 34. Re1 Ra3+ 35. Ke2 g5 36. Bxg3 Rxg3 37. Rb1 h2 38. Kf2 Rb3 39. Re1 Rxb4 40. Kg2 h1=Q+ 41. Kxh1 g4 42. Kg2 Kf6 43. Rf1+ Kg6 44. Kg3 Rxe4 45. Kh4 Rb4 46. Rf8 Ra4 47. Rf1 g3+ 48. Kxg3 Kg5 49. Rf8 Ra3+ 50. Kf2 Kg4 51. Ke2 Kg3 52. Rf7 e4 53. Rf8 Rf3 54. Rg8+ Kf4 55. Rf8+ 1/2-1/2

[Event "Palle Skov Memorial - GM 2025"]
[Site "Hillerod"]
[Date "2025.02.13"]
[Round "7.2"]
[White "Song, Yuxin"]
[Black "Seo, Jung Min"]
[Result "1/2-1/2"]
[WhiteElo "2381"]
[BlackElo "2495"]
[WhiteFideId "8614300"]
[BlackFideId "1734687"]
[EventDate "2025.02.08"]
[EventType "tourn"]
[EventRounds "9"]
[EventCountry "DEN"]
[SourceTitle "Live v. Kasper Jerwiarz"]

1. e4 c5 2. Nf3 d6 3. Bb5+ Nd7 4. d4 cxd4 5. Nxd4 Nf6 6. O-O a6 7. Bd3 Nc5 8. Nc3 e6 9. Re1 Be7 10. Bf1 O-O 11. a4 Re8 12. a5 g6 13. b4 Ncd7 14. Bb2 e5 15. Nb3 b5 16. axb6 Qxb6 17. b5 Bb7 18. Na5 axb5 19. Nxb7 Qxb7 20. Bxb5 Rxa1 21. Bxa1 Rc8 22. Nd5 Bf8 23. Bxd7 Nxd7 24. Bc3 Nb6 25. Qb1 Rb8 26. Qxb6 Qxb6 27. Nxb6 Rxb6 28. Bd2 Rb2 29. Rc1 f5 30. f3 Ra2 31. Kf2 Ra4 32. c4 Ra2 33. Ke2 Kf7 34. Rd1 fxe4 35. fxe4 Bh6 36. g3 Kf6 37. Rf1+ Ke6 38. Rd1 Kd7 39. Kd3 Bxd2 40. Rxd2 Ra3+ 41. Ke2 Rc3 42. Ra2 Rxc4 43. Kd3 Rc7 44. Ra8 Rb7 45. Rh8 Ke6 46. Re8+ Re7 47. Rd8 Ra7 48. Re8+ Kf6 49. Rd8 Ra3+ 50. Kc4 Ke6 51. Re8+ Kd7 52. Rh8 h5 53. Rg8 Re3 54. Rxg6 Rxe4+ 55. Kd3 Rg4 56. Rh6 Rg5 57. Ke4 Kc6 58. h4 Rxg3 59. Rxh5 Rg1 60. Rh8 Re1+ 61. Kf5 e4 62. h5 Kd5 63. Re8 Rh1 64. Kg6 Kd4 65. h6 e3 66. h7 Kd3 67. h8=Q Rxh8 68. Rxh8 e2 69. Re8 Kd2 70. Kf5 d5 71. Rxe2+ Kxe2 1/2-1/2

[Event "Palle Skov Memorial - GM 2025"]
[Site "Hillerod"]
[Date "2025.02.13"]
[Round "7.3"]
[White "Kaasen, Tor Fredrik"]
[Black "Hector, Jonny"]
[Result "1/2-1/2"]
[WhiteElo "2472"]
[BlackElo "2445"]
[WhiteFideId "1516647"]
[BlackFideId "1700090"]
[EventDate "2025.02.08"]
[EventType "tourn"]
[EventRounds "9"]
[EventCountry "DEN"]
[SourceTitle "Live v. Kasper Jerwiarz"]

1. e4 e5 2. Nf3 Nc6 3. Bb5 Bb4 4. O-O Nge7 5. c3 Ba5 6. Na3 O-O 7. Nc4 d5 8. Nxa5 Nxa5 9. Nxe5 f6 10. b4 fxe5 11. bxa5 c6 12. Ba4 Qxa5 13. Ba3 Rf7 14. Bxe7 Rxe7 15. Re1 Be6 16. Bb3 Rd8 17. exd5 Bxd5 18. Re3 Rde8 19. Qc2 Kh8 20. Rae1 Qd8 21. h3 h6 22. R1e2 b5 23. Qg6 Re6 24. Qf5 e4 25. Qg4 a5 26. Bxd5 cxd5 27. d3 exd3 28. Rxe6 dxe2 29. Rxe2 Rxe2 30. Qxe2 Qd7 31. Qe5 1/2-1/2

[Event "Palle Skov Memorial - GM 2025"]
[Site "Hillerod"]
[Date "2025.02.13"]
[Round "7.4"]
[White "Sriram, Jha"]
[Black "Olsen, Filip Boe"]
[Result "1/2-1/2"]
[WhiteElo "2322"]
[BlackElo "2472"]
[WhiteFideId "5001668"]
[BlackFideId "1440640"]
[EventDate "2025.02.08"]
[EventType "tourn"]
[EventRounds "9"]
[EventCountry "DEN"]
[SourceTitle "Live v. Kasper Jerwiarz"]

1. d4 d5 2. c4 e6 3. Nf3 Nf6 4. g3 Bb4+ 5. Bd2 a5 6. Bg2 O-O 7. Qc2 c5 8. O-O cxd4 9. Nxd4 e5 10. Nb5 dxc4 11. Rd1 Qb6 12. a4 Bc5 13. Be1 Be6 14. Nd2 Ng4 15. e3 Bxe3 16. fxe3 Nxe3 17. Bf2 Nxc2 18. Bxb6 Nxa1 19. Rxa1 Nd7 20. Be3 Rad8 21. Bxb7 Nf6 22. Bg5 h6 23. Bxf6 gxf6 24. Ne4 Rd3 25. Nxf6+ Kg7 26. Ne4 Rfd8 27. Nbc3 Bc8 28. Bxc8 Rxc8 29. Rf1 Rb8 30. Rf2 f5 31. Rxf5 Rxb2 32. Rxe5 Re3 33. Kf1 Rf3+ 34. Kg1 Re3 35. Kf1 Rf3+ 36. Kg1 1/2-1/2

[Event "Palle Skov Memorial - GM 2025"]
[Site "Hillerod"]
[Date "2025.02.13"]
[Round "7.5"]
[White "Gumularz, Szymon"]
[Black "Kistrup, Nicolai"]
[Result "1-0"]
[WhiteElo "2592"]
[BlackElo "2374"]
[WhiteFideId "1188062"]
[BlackFideId "1444816"]
[EventDate "2025.02.08"]
[EventType "tourn"]
[EventRounds "9"]
[EventCountry "DEN"]
[SourceTitle "Live v. Kasper Jerwiarz"]

1. c4 c6 2. Nf3 d5 3. e3 Nf6 4. Qc2 g6 5. Be2 Bg7 6. O-O O-O 7. h3 Re8 8. d4 c5 9. cxd5 cxd4 10. Nxd4 Nxd5 11. Rd1 Qb6 12. Nc3 Nxc3 13. bxc3 a6 14. Rb1 Qc7 15. Ba3 b5 16. c4 Bb7 17. cxb5 Qxc2 18. Nxc2 axb5 19. Bxb5 Bc6 20. Bxe7 Bxb5 21. Rxb5 Rxa2 22. Nb4 Rb2 23. Rdd5 Bf8 24. Bxf8 Kxf8 25. g4 Kg7 26. Kg2 Re4 27. Nd3 Rxb5 28. Rxb5 Nd7 29. Rb7 Nf6 30. Nf4 h6 31. Ra7 Re5 32. Kf3 Kg8 1-0

[Event "Palle Skov Memorial - GM 2025"]
[Site "Hillerod"]
[Date "2025.02.14"]
[Round "8.1"]
[White "Karacsonyi, Gellert"]
[Black "Gumularz, Szymon"]
[Result "0-1"]
[WhiteElo "2368"]
[BlackElo "2592"]
[WhiteFideId "764620"]
[BlackFideId "1188062"]
[EventDate "2025.02.08"]
[EventType "tourn"]
[EventRounds "9"]
[EventCountry "DEN"]
[SourceTitle "Live v. Kasper Jerwiarz"]

1. e4 c5 2. Nf3 e6 3. d4 cxd4 4. Nxd4 Nc6 5. Nc3 a6 6. Be3 Nf6 7. Bd3 e5 8. Nb3 Bb4 9. O-O Bxc3 10. bxc3 d6 11. f3 Be6 12. Qd2 Rc8 13. c4 a5 14. Rab1 O-O 15. Nc1 Qc7 16. Ne2 Ne7 17. Bb6 Qc6 18. Bxa5 Bxc4 19. Bxc4 Qxc4 20. Rxb7 Nc6 21. Bc3 Qxa2 22. Ra1 Qe6 23. Ng3 d5 24. Qf2 dxe4 25. Nxe4 Nxe4 26. fxe4 h6 27. Qg3 Ra8 28. Rf1 Ra3 29. Rb3 Ra4 30. Qf3 Qc4 31. Re1 Rd8 32. Qe2 Qxe2 33. Rxe2 Rc4 34. Bb2 f6 35. Rc3 Rdd4 36. Rxc4 Rxc4 37. c3 Nd8 38. Kf2 Ne6 39. h4 h5 40. Kf3 Kf7 41. Re3 Ra4 42. g3 Nc5 43. Re2 Ke6 44. Bc1 Rc4 45. Bd2 g6 46. Be1 Ke7 47. Bd2 Kf7 48. Be1 Ke6 49. Bd2 f5 50. exf5+ gxf5 51. Be1 Re4 52. Rxe4 Nxe4 53. Ke3 Kd5 54. Kd3 Nc5+ 55. Ke2 Kc4 56. Ke3 Ne4 57. Ke2 Nxc3+ 58. Ke3 Nd5+ 59. Ke2 Kd4 60. Bf2+ Ke4 61. Be1 Ne7 62. Ba5 Nd5 63. Be1 Nc7 64. Ba5 Nb5 65. Bd8 Nd4+ 66. Kf2 Kd3 67. Bg5 e4 68. Be3 Nc2 69. Bb6 e3+ 70. Kf3 Kd2 71. Kf4 e2 72. Kxf5 Kd1 73. Bf2 Ne3+ 0-1

[Event "Palle Skov Memorial - GM 2025"]
[Site "Hillerod"]
[Date "2025.02.14"]
[Round "8.2"]
[White "Seo, Jung Min"]
[Black "Haubro, Martin"]
[Result "1-0"]
[WhiteElo "2495"]
[BlackElo "2381"]
[WhiteFideId "1734687"]
[BlackFideId "1414291"]
[EventDate "2025.02.08"]
[EventType "tourn"]
[EventRounds "9"]
[EventCountry "DEN"]
[SourceTitle "Live v. Kasper Jerwiarz"]

1. e4 e5 2. Nf3 Nc6 3. Bb5 a6 4. Ba4 Nf6 5. O-O Be7 6. Bxc6 dxc6 7. d3 Nd7 8. Be3 O-O 9. Nbd2 Re8 10. Kh1 Bf6 11. Ng1 c5 12. Ne2 b6 13. Rb1 g6 14. Nc4 Bg7 15. Qd2 Nf6 16. f3 Bb7 17. Bh6 Bh8 18. Ng3 Qd7 19. h3 Qe6 20. b3 Rad8 21. Qf2 Nd7 22. f4 exf4 23. Bxf4 Rc8 24. Rbe1 Bg7 25. Be3 Ne5 26. Nxe5 Bxe5 27. Bf4 Bg7 28. Bg5 h6 29. Be3 Re7 30. a4 a5 31. Qf4 Rf8 32. Qh4 Kh7 33. Bg5 Rd7 34. Bf6 Kg8 35. Nh5 g5 36. Qg3 1-0

[Event "Palle Skov Memorial - GM 2025"]
[Site "Hillerod"]
[Date "2025.02.14"]
[Round "8.3"]
[White "Olsen, Filip Boe"]
[Black "Song, Yuxin"]
[Result "1/2-1/2"]
[WhiteElo "2472"]
[BlackElo "2381"]
[WhiteFideId "1440640"]
[BlackFideId "8614300"]
[EventDate "2025.02.08"]
[EventType "tourn"]
[EventRounds "9"]
[EventCountry "DEN"]
[SourceTitle "Live v. Kasper Jerwiarz"]

1. c4 Nf6 2. g3 e6 3. Bg2 d5 4. Nf3 d4 5. O-O Nc6 6. d3 Be7 7. e3 dxe3 8. Bxe3 e5 9. Nc3 O-O 10. a3 a5 11. Qe2 Re8 12. Nb5 Bf5 13. Rad1 Qc8 14. Ng5 Ng4 15. Ne4 Qd7 16. Bc5 Nd4 17. Nxd4 exd4 18. Bxe7 Rxe7 19. h3 Ne5 20. g4 Bxe4 21. Bxe4 Rae8 22. f3 g6 23. Qg2 Kh8 24. g5 Qd6 25. b4 axb4 26. axb4 Qxb4 27. Rb1 Qc3 28. Qb2 Qxb2 29. Rxb2 b6 30. Rb5 Nd7 1/2-1/2

[Event "Palle Skov Memorial - GM 2025"]
[Site "Hillerod"]
[Date "2025.02.14"]
[Round "8.4"]
[White "Kaasen, Tor Fredrik"]
[Black "Sriram, Jha"]
[Result "1-0"]
[WhiteElo "2472"]
[BlackElo "2322"]
[WhiteFideId "1516647"]
[BlackFideId "5001668"]
[EventDate "2025.02.08"]
[EventType "tourn"]
[EventRounds "9"]
[EventCountry "DEN"]
[SourceTitle "Live v. Kasper Jerwiarz"]

1. e4 c5 2. Nf3 e6 3. d4 cxd4 4. Nxd4 Nf6 5. Nc3 Nc6 6. Ndb5 Bb4 7. a3 Bxc3+ 8. Nxc3 d5 9. Bd3 dxe4 10. Nxe4 Nxe4 11. Bxe4 Qxd1+ 12. Kxd1 Bd7 13. Be3 f5 14. Bd3 e5 15. f3 O-O-O 16. Kc1 Be6 17. Re1 Rhe8 18. Bf2 Kc7 19. b4 a6 20. Kb2 g5 21. Kc3 Bc8 22. Rad1 h6 23. a4 Nd4 24. Bf1 Bd7 25. Ra1 Bc6 26. Kb2 f4 27. a5 Kc8 28. Rad1 Bb5 29. Bxb5 axb5 30. Bxd4 exd4 31. Rxe8 Rxe8 32. Rxd4 Re2 33. Rd6 h5 34. g3 Rxh2 35. gxf4 Rh4 36. Rd5 Rxf4 37. c3 Rf6 38. Rxg5 Rh6 39. Rxb5 h4 40. Rd5 h3 41. Rd1 h2 42. Rh1 Kd7 43. Kb3 Kd6 44. c4 Ke5 45. b5 Kd6 46. Kb4 Rh4 47. f4 Rh5 48. f5 Rh4 49. f6 Ke6 50. a6 bxa6 51. bxa6 Rh8 52. Kb5 Rb8+ 53. Kc5 Rb2 54. a7 Ra2 55. Rxh2 Rxa7 56. Rf2 1-0